00372nam a2200121Ia 4500008004100000024003200041082001700073100004200090245003400132260002500166600002100191650003800212250506s9999 xx 000 0 und d a12B-115-BS & 12B-112-BS a005.1072 MUH aMuhammad Suleman & Syed tabish Akhter 0aBlack Board-University Portal aKarachi:bUIT,c2012 aComputer Science aBachelor of Computer Science (BS)